000 00497nam a2200169Ia 4500
008 180921t2011 xxu||||| |||| 00| 0 sin d
041 _asin
080 _a631.35
_bKAR
100 _aKarunaratna, K.M.
245 _aඉදල් ඉරිගූ, කූරක්කන් හා සුළු ධාන්‍ය
246 _aIdal Iringu, Kurakkan ha Sulu Danya
260 _bS.n.
_aS.I.
_c2011
300 _a91, 21 cm
942 _cBK
999 _c14020
_d14020
003 LK-CoDNM
040 _aLK-CoDNM
_dLK-CoDNM
_eLK-CoDNM